000 01181cab a22002175a 4500
001 L155459
008 120326e2012 xxk 000 0 eng d
035 _a(Sirsi) u155459
041 0 _aeng
100 1 _aSandher, Hardeep
245 0 0 _aMarkets
_bCity of London, City fringe and Docklands
260 _c2012
490 0 _aProperty Week
_v 78(11) 16 March 2012, 51-58(7)
520 _aKuwaiti investor Al Mubarakia hopes to start redeveloping Tobacco Dock in Wapping this year, creating a four-star hotel and flats on the 41 000 sq ft site. Mitsui Fudosan UK and Stanhope have formed a joint venture to develop prime City sites. NAMA is close to selling Eagle House, its stalled £65m residential-led development above Old Street roundabout. City fringe office space take-up rose from 236 000 sq ft in 2010 to 312 811 sq ft in 2011. Supply also increased from 2.4m sq ft to 2.51m sq ft. Canary Wharf Group seeks to populate its Wood Wharf, Docklands, site with technology, media and telecoms sector tenants.
590 _aKA
651 4 _aLondon
690 _aCommercial property
_96227
690 _aResidential property
_96266
700 1 _aSlade, John
942 _n0
999 _c83868
_d83868